Statistiques concernant Toutes les équipes des 5 grands championnats de football

Cliquez ici pour prendre le quiz!

Statistiques générales

  • Ce quiz a été pris 395 fois
  • Le résultat moyen est 44 sur 96

Statistiques - réponses

Réponse% Correct
Bayern Munich
87%
Paris Saint Germain
85%
Olympique de Marseille
84%
Olympique de Lyon
83%
Borussia Dortmund
82%
Real Madrid
82%
FC Barcelone
81%
LOSC
80%
Manchester City
80%
Manchester United
79%
Rennes
77%
Atlético de Madrid
75%
FC Nantes
74%
Chelsea
73%
Inter Milan
73%
Lens
73%
Arsenal
72%
AS Monaco
72%
Liverpool
72%
OGC Nice
72%
Montpellier
70%
Strasbourg
70%
Brest
68%
Tottenham
67%
Toulouse FC
67%
Clermont
65%
Milan AC
64%
Reims
63%
FC Lorient
62%
Bayer Leverkusen
61%
FC Metz
60%
Le Havre
59%
Aston villa
58%
Naples
58%
RB Leipzig
56%
West Ham
54%
Valence FC
53%
Juventus Turin
52%
AS Rome
51%
Betis Séville
51%
Newcastle
51%
Brighton
50%
Lazio Rome
50%
Real Sociedad
50%
Everton
48%
Séville FC
45%
Villarreal
45%
Union Berlin
44%
VfB Stuttgart
40%
Wolfsburg
40%
Wolverhampton
40%
Burnley
39%
Crystal Palace
38%
Eintracht Francfort
37%
Torino FC
37%
Fiorentina
36%
Gérone
36%
Athletic Bilbao
35%
Luton Town
35%
Atalanta Bergame
34%
Brentford
34%
Fulham
32%
Bournemouth
31%
Werder Brême
30%
Bologne
29%
FC Cologne
29%
Getafe
28%
Nottingham Forest
28%
Sheffield United
28%
Hoffenheim
27%
Sassuolo
27%
Almeria
26%
Mayence
26%
Udinese
26%
Celta Vigo
24%
Fribourg
24%
Grenade CF
23%
Osasuna
23%
Genoa
22%
Las Palmas
22%
Salernitana
22%
Rayo Vallecano
21%
Augsbourg
20%
Cadix
20%
Majorque
20%
Alavés
19%
Bochum
19%
Cagliari
17%
Monza
17%
US Lecce
17%
Frosinone
14%
Borussia M'Gladbach
12%
Darmstadt
12%
Empoli
12%
Heidenheim
11%
Hellas Verona
10%

Distribution des résultats

Percentile par nombre de réponses

% des personnes avec chaque résultat

Votre développement - résultats

Vous n’avez pas pris ce quiz